000
00338 a2200157 4500
001
152054
040
_c
Escola São Tomás de Aquino
100
_a
PELLEGRINI, Domingos
240
1
0
_a
Bicho-gente
_l
por
245
1
0
_a
Bicho-gente
300
_a
143
362
0
_a
1998
440
1
_a
Ática
697
_a
*LITERATURA JUVENIL
942
_c
BK
999
_c
152054
_d
152054